N° 1 du Top 50 1984 - 1985 - Statistiques

Statistiques générales
  • Ce quiz a été pris 54 fois
  • Le résultat moyen est 9 sur 12
Statistiques - réponses
Hint Extra Hint Réponse % Correct
Je te donne Semaines 48, 49, 50, 51, 52 Jean-Jacques Goldman
et Michael Jones
89%
Besoin de rien, envie de toi Semaines 44, 45, 46, 47, 48, 49, 50 (1984) 1, 2 (1985) Peter et Sloane
89%
Ethiopie Semaines 21, 22, 23, 24, 25, 26, 27, 28 (1985) Chanteurs sans Frontières
87%
When the rain begins to fall Semaines 5, 6, 8 (1985) Jermaine Jackson & Pia Zadora
83%
I just called to say I love you Semaine 51 (1984) Stevie Wonder
83%
Johnny, Johnny Semaines 13, 14, 16, 17 (1985) Jeanne Mas
80%
Ghostbusters Semaine 52 (1984), 3, 4, 7, 9 (1985) Ray Parker Jr
78%
We are the World Semaines 18,19, 20 USA for Africa
76%
Square rooms Semaines 10, 11, 12, 15 (1985) Al Corley
63%
Tarzan boy Semaines 35, 36, 37, 38, 39, 40 (1985) Baltimora
61%
Live is fife Semaines 29, 30, 31, 32, 33, 34, 34 (1985) Opus
59%
Lover why Semaines 41, 42, 43, 44, 45, 46, 47 (1985) Century
57%
Aucun quiz correspondant
Distribution des résultats
% des personnes avec chaque résultat
Percentile par nombre de réponses
Votre historique - résultats
Vous n’avez pas pris ce quiz